000 00450nam a2200181Ia 4500
001 15233
005 20260306165012.0
008 260306t2010||||xx |||||||||||||| ||spa||
041 _aESP
082 _a530.7
_bP13
100 _aPacheco Chavira, Jesús Neri
_eAUT
245 0 _aMedición y control de procesos industriales
260 _c2010
300 _a310 páginas :
_c24 cm.
650 _aGEN
654 _aCCN
942 _cLIB
_dJUS
_fJUS
_2ddc
_n
999 _c15233
_d15233